000 00735nam a22002297a 4500
005 20170124110202.0
010 _aB-061447
020 _a8120722841
_c00.00
035 _aB-061447
037 _bCen Lib/Ret
040 _aDPL
_bEN
082 _a080
_bCHO
100 _aChoudhuri, Indra Nath
_971992
245 _aThe genesis of imagination :
_cby Indra Nath Choudhuri
_bselected essays on literature, theory religion and culture /
260 _a New Delhi
_bSterling Publishers
_c2001
270 _aL-10, Green Park Extension
_bNew Delhi
_e110016
300 _a276p.
_c21cm(Hb)
500 _aIncludes index
650 _aIndic literature
_971993
650 _aLiterature
_96262
942 _2ddc
_cEN
_h080
_mCHO
999 _c133007
_d133007